Introduction to complex analytic geometry /
Saved in:
| Main Author: | |
|---|---|
| Format: | Book |
| Language: | English Polish |
| Published: |
Basel ; Boston :
Birkhauser Verlag,
c1991.
|
| Subjects: |
| LEADER | 01251nam a22003258a 4500 | ||
|---|---|---|---|
| 001 | c000020142 | ||
| 003 | CARM | ||
| 005 | 19910909000000.0 | ||
| 008 | 910826s1991 sz b 001 0 eng | ||
| 019 | 1 | |a 8459031 |5 LACONCORD2021 | |
| 020 | |a 0817619356 : |c 158.00F | ||
| 020 | |a 0817619356 | ||
| 035 | |a (OCoLC)24431171 |5 LACONCORD2021 | ||
| 040 | |a LC |b eng |c LC | ||
| 041 | 1 | |a eng |h pol | |
| 050 | 0 | 0 | |a QA331.7 |b .L65 1991 |
| 082 | 0 | 0 | |a 515/.9 |2 20 |
| 100 | 1 | |a lojasiewicz, Stanislaw. | |
| 240 | 1 | 0 | |a Wstep do geometrii analitycznej zespolonej. |l English |
| 245 | 1 | 0 | |a Introduction to complex analytic geometry / |c Stanislaw lojasiewicz ; translated from the Polish by Maciej Klimek. |
| 260 | |a Basel ; |a Boston : |b Birkhauser Verlag, |c c1991. | ||
| 300 | |a p. cm. | ||
| 500 | |a Translation of: Wstep do geometrii analitycznej zespolonej. | ||
| 504 | |a Includes bibliographical references and index. | ||
| 650 | 0 | |a Functions of complex variables. | |
| 650 | 0 | |a Analytic spaces. | |
| 650 | 0 | |a Geometry, Analytic. | |
| 852 | 8 | |b CARM |h A2:AI03F0 |i C04196 |p 0095714 |f BK | |
| 999 | f | f | |i 28b05931-278b-5586-aab4-1530ae9a5552 |s 11d5af00-5162-5a55-bea2-d82fdcfec8af |
| 952 | f | f | |p Can circulate |a CAVAL |b CAVAL |c CAVAL |d CARM 1 Store |e C04196 |f A2:AI03F0 |h Other scheme |i book |m 0095714 |